Teoretické východiská k skúmaniu medzinárodných organizácií

Predpoklady pre vznik medzinárodných organizácií. Definícia medzinárodnej organizácie. Základné atribúty existencie medzinárodných organizácií. Stručný historický vývoj medzinárodných organizácií od polovice 19. storočia až do súčasnosti.

Enregistré dans:
Détails bibliographiques
Auteur principal: Grešš, Martin, 1978-
Format: Chapitre de livre
Langue:slovaque
Sujets:
Tags: Ajouter un tag
Pas de tags, Soyez le premier à ajouter un tag!

MARC

LEADER 00000naa$a2200000$$$4500
001 0013159
005 20220729110353.1
041 0 |a slo 
044 |a SK 
245 1 0 |a Teoretické východiská k skúmaniu medzinárodných organizácií  |c aut. Martin Grešš 
520 |a Predpoklady pre vznik medzinárodných organizácií. Definícia medzinárodnej organizácie. Základné atribúty existencie medzinárodných organizácií. Stručný historický vývoj medzinárodných organizácií od polovice 19. storočia až do súčasnosti. 
610 2 0 |a organizácie medzinárodné 
610 2 0 |a definície 
610 2 0 |a história 
610 2 0 |a spolupráca hospodárska medzinárodná 
610 2 0 |a vzťahy politické medzinárodné 
100 1 |a Grešš, Martin, 1978-